<?xml version="1.0" encoding="UTF-8"?>
<record
    xmlns:xsi="http://www.w3.org/2001/XMLSchema-instance"
    xsi:schemaLocation="http://www.loc.gov/MARC21/slim http://www.loc.gov/standards/marcxml/schema/MARC21slim.xsd"
    xmlns="http://www.loc.gov/MARC21/slim">

  <leader>02151nam a2200277Ia 4500</leader>
  <controlfield tag="003">OSt</controlfield>
  <controlfield tag="005">20210605122408.0</controlfield>
  <controlfield tag="008">210310s2008    ck ad  gr     000 0dspa d</controlfield>
  <datafield tag="020" ind1=" " ind2=" ">
    <subfield code="a">9789586953702</subfield>
  </datafield>
  <datafield tag="040" ind1=" " ind2=" ">
    <subfield code="a">CO-JMCR</subfield>
    <subfield code="c">CO-JMCR</subfield>
  </datafield>
  <datafield tag="041" ind1="0" ind2=" ">
    <subfield code="a">spa</subfield>
  </datafield>
  <datafield tag="082" ind1="0" ind2="4">
    <subfield code="a">333.71 /</subfield>
    <subfield code="b">M244e</subfield>
    <subfield code="2">23</subfield>
  </datafield>
  <datafield tag="100" ind1="1" ind2=" ">
    <subfield code="a">Maldonado, Jorge Higinio, </subfield>
    <subfield code="9">15962</subfield>
    <subfield code="e">autor</subfield>
  </datafield>
  <datafield tag="245" ind1="1" ind2="0">
    <subfield code="a">Econom&#xED;a de recursos naturales : </subfield>
    <subfield code="b">aplicaciones de la econom&#xED;a computacional a la soluci&#xF3;n de problemas din&#xE1;micos / </subfield>
    <subfield code="c">Jorge Higinio Maldonado</subfield>
  </datafield>
  <datafield tag="250" ind1=" " ind2=" ">
    <subfield code="a">Primera edici&#xF3;n</subfield>
  </datafield>
  <datafield tag="260" ind1=" " ind2=" ">
    <subfield code="a">Bogot&#xE1; : </subfield>
    <subfield code="b">Universidad de los Andes, </subfield>
    <subfield code="c">2008</subfield>
  </datafield>
  <datafield tag="300" ind1=" " ind2=" ">
    <subfield code="a">xiii, 229 p&#xE1;ginas : </subfield>
    <subfield code="b">ilustraciones y gr&#xE1;ficas a blanco y negro ; </subfield>
    <subfield code="c">24 cm.</subfield>
  </datafield>
  <datafield tag="490" ind1="0" ind2=" ">
    <subfield code="a">Colecci&#xF3;n Cede 50 a&#xF1;os</subfield>
  </datafield>
  <datafield tag="500" ind1=" " ind2=" ">
    <subfield code="a">Incluye notas a pie de p&#xE1;gina y datos biogr&#xE1;ficos del autor.</subfield>
  </datafield>
  <datafield tag="504" ind1=" " ind2=" ">
    <subfield code="a">Bibliograf&#xED;a: p&#xE1;ginas 227-229</subfield>
  </datafield>
  <datafield tag="505" ind1="0" ind2=" ">
    <subfield code="a">Introducci&#xF3;n a la econom&#xED;a de recursos naturales -- Modelos econ&#xF3;micos para el an&#xE1;lisis de recursos naturales -- Econom&#xED;a computacional para recursos naturales </subfield>
  </datafield>
  <datafield tag="520" ind1="3" ind2=" ">
    <subfield code="a">La econom&#xED;a de los recursos naturales es un &#xE1;rea cuyo inter&#xE9;s y aplicaci&#xF3;n vienen creciendo en el mundo, especialmente en los pa&#xED;ses en v&#xED;as de desarrollo, ricos en estos recursos. A pesar de este auge, no es mucha la literatura que se encuentra en idioma espa&#xF1;ol al respecto. Este libro presenta los m&#xE1;s recientes avances en el &#xE1;rea de la econom&#xED;a de los recursos naturales, al incluir aplicaciones para casos reales. Adem&#xE1;s de revisar los modelos cl&#xE1;sicos en la literatura de recursos renovables (pesquer&#xED;as y bosques) y no renovables, introduce la aplicaci&#xF3;n de la programaci&#xF3;n din&#xE1;mica como m&#xE9;todo de optimizaci&#xF3;n de sistemas din&#xE1;micos al caso de los recursos naturales. Para darles fortaleza a las ventajas de la programaci&#xF3;n din&#xE1;mica, se exploran las herramientas de la econom&#xED;a computacional y la soluci&#xF3;n num&#xE9;rica a problemas complejos relacionados con la asignaci&#xF3;n eficiente de recursos naturales. </subfield>
  </datafield>
  <datafield tag="650" ind1="1" ind2="4">
    <subfield code="a">Econom&#xED;a ambiental</subfield>
    <subfield code="9">15964</subfield>
    <subfield code="x">Modelos matem&#xE1;ticos</subfield>
  </datafield>
  <datafield tag="650" ind1="2" ind2="4">
    <subfield code="a">Protecci&#xF3;n del medio ambiente</subfield>
    <subfield code="x">Aspectos econ&#xF3;micos</subfield>
    <subfield code="z">Colombia</subfield>
    <subfield code="9">38160</subfield>
  </datafield>
  <datafield tag="942" ind1=" " ind2=" ">
    <subfield code="2">ddc</subfield>
    <subfield code="c">BK</subfield>
  </datafield>
  <datafield tag="999" ind1=" " ind2=" ">
    <subfield code="c">7971</subfield>
    <subfield code="d">7971</subfield>
  </datafield>
  <datafield tag="952" ind1=" " ind2=" ">
    <subfield code="0">0</subfield>
    <subfield code="1">0</subfield>
    <subfield code="2">ddc</subfield>
    <subfield code="4">0</subfield>
    <subfield code="7">0</subfield>
    <subfield code="8">NFIC</subfield>
    <subfield code="a">CPL</subfield>
    <subfield code="b">CPL</subfield>
    <subfield code="d">2018-04-15</subfield>
    <subfield code="e">Donaci&#xF3;n</subfield>
    <subfield code="l">3</subfield>
    <subfield code="o">333.71 / M244e</subfield>
    <subfield code="p">430003598</subfield>
    <subfield code="r">2024-05-16 00:00:00</subfield>
    <subfield code="s">2023-10-23</subfield>
    <subfield code="t">Ej.1</subfield>
    <subfield code="y">BK</subfield>
  </datafield>
</record>
